00658nam a2200217 i 450000100060000000300090000600500170001500700030003200800410003502000180007608000180009410000190011224501190013125000120025026000330026230000220029550400340031765000330035170000230038485200330040717425ES-MaACL20230906151559.0t|050301s1999 sp ||||1| spa d a84-344-1176-8 a316.62-053.811 aFeixa, Carles.10aDe jóvenes, bandas y tribus b: antropología de la juventud / cCarles Feixa ; [prefacio de Michel Maffesoli]. a2ª ed. aBarcelona : bAriel, c1999. a287 p. ; c21 cm. aBibliografía: p. [273]-284. 4aJóvenes-xConducta social.1 aMaffesoli, Michel. aES-MaACLjL-24390 bR.129530